000 00435nam a22000977a 4500
100 _aGuider
_979384
245 _aभारतीय संविधान एवं राजव्‍यवस्‍था अध्‍यायवार एवं वस्‍तुनिष्‍ठ
260 _aनई दिल्‍ली
_bGuider Compatitive Group
_c2020
650 _aभारत का संविधान
_979444
942 _cHIN
999 _c63055
_d63055